Statistiken für Länder, die dem Persischen Golf am nächsten liegen - Sprint

Klicken Sie hier um das Quiz zu spielen!

Allgemein

  • Dieses Quiz wurde 56 mal gespielt
  • Das Durchschnittsergebnis liegt bei 16 aus 22

Antwortstatistiken

KmLand% Korrekt
0Irak
100%
0Iran
100%
0Katar
88%
0Kuwait
88%
0Saudi-Arabien
88%
846Syrien
88%
551Jemen
86%
0Oman
86%
0Vereinigte Arabische
Emirate
86%
0Bahrain
83%
1198Israel
79%
863Jordanien
76%
440Pakistan
76%
843Türkei
76%
502Afghanistan
64%
1128Indien
62%
968Armenien
52%
1181Libanon
50%
1208Georgien
48%
890Aserbaidschan
43%
1207Russland
36%
1036Turkmenistan
17%

Verteilung der Resultate

Perzentil nach korrekt beantworteten Fragen

Anzahl Personen mit jedem Resultat

Ihre Resultats-Entwicklung

Sie haben dieses Quiz noch nicht gespielt